Be a winner everytime / (Record no. 63932)
[ view plain ]
| 000 -LEADER | |
|---|---|
| fixed length control field | 00421nam a22001577a 4500 |
| 005 - DATE AND TIME OF LATEST TRANSACTION | |
| control field | 20181106163507.0 |
| 010 ## - LCCN (DPL NO) | |
| LC control number | B-166463 |
| 020 ## - INTERNATIONAL STANDARD BOOK NUMBER | |
| International Standard Book Number | 8176211583 |
| Terms of availability | 195.00 |
| 035 ## - SYSTEM CONTROL NUMBER | |
| System control number | B-166446, B-166463 |
| 037 ## - SOURCE OF ACQUISITION | |
| Stock number | DPL |
| Source of stock number/acquisition | ENG |
| 100 ## - MAIN ENTRY--PERSONAL NAME | |
| Personal name | Batra, Pramod |
| 245 ## - TITLE STATEMENT | |
| Title | Be a winner everytime / |
| Statement of responsibility, etc | by Pramod Batra |
| 260 ## - PUBLICATION, DISTRIBUTION, ETC. (IMPRINT) | |
| Place of publication, distribution, etc | New Delhi |
| Name of publisher, distributor, etc | Think Inc. |
| Date of publication, distribution, etc | 2004 |
| 300 ## - PHYSICAL DESCRIPTION | |
| Extent | 245p. |
| Dimensions | 18 cms. |
| 942 ## - ADDED ENTRY ELEMENTS (KOHA) | |
| Source of classification or shelving scheme | Dewey Decimal Classification |
| Item type | English Books |
| Classification part | 158 |
| Call number suffix | BAT |
| Withdrawn status | Lost status | Not for loan | Collection code | Home library | Current library | Date acquired | Cost, normal purchase price | Full call number | Barcode | Cost, replacement price | Koha item type | Public note | Source of acquisition |
|---|---|---|---|---|---|---|---|---|---|---|---|---|---|
| Non-fiction | Sarojini Nagar | Sarojini Nagar | 09/03/2012 | 195.00 | 158 BAT | B-166446 | 195.00 | English Books | Withdrawn List Prepared List No.2/5 | ||||
| Lost and Paid For | Non-fiction | Sarojini Nagar | Sarojini Nagar | 14/03/2012 | 195.00 | 158 BAT | B-166469 | 195.00 | English Books | ||||
| Non-fiction | Yojana Vihar | Yojana Vihar | 06/11/2018 | 195.00 | 158 BAT | B-166463 | 195.00 | English Books | BPPD/PUB |
